Statistiques concernant Pays européen polyglotte

Cliquez ici pour prendre le quiz!

Statistiques générales

  • Ce quiz a été pris 161 fois
    (87 depuis la dernière actualisation)
  • Le résultat moyen est 8 sur 11

Statistiques - réponses

HintRéponse% Correct
3Suisse
99%
3Belgique
96%
3Luxembourg
85%
2Finlande
78%
2Irlande
76%
2Malte
68%
4Vatican
68%
2Kosovo
66%
3Bosnie-Herzégovine
62%
2Norvège
62%
2Portugal
61%

Distribution des résultats

Percentile par nombre de réponses

% des personnes avec chaque résultat

Votre développement - résultats

Vous n’avez pas pris ce quiz depuis la dernière actualisation